Elaboración de una guía para la instalación, diseño, gestión y mejoramiento de la calidad en plantas productoras de agregados en extracciones de tajo y río
Збережено в:
| Автор: | |
|---|---|
| Формат: | Книга |
| Опубліковано: |
San José, C.R
2003
|
| Предмети: | |
| Теги: |
Додати тег
Немає тегів, Будьте першим, хто поставить тег для цього запису!
|
MARC
| LEADER | 00000nam a2200000Ia 4500 | ||
|---|---|---|---|
| 003 | 010270 | ||
| 005 | 20221231144151.0 | ||
| 008 | 140114s0102 cr a m 000 ||s d | ||
| 040 | |c cru CEDI | ||
| 090 | |a TFG 4590 | ||
| 100 | |a Pollock Echeverría, André |9 7177 | ||
| 245 | |a Elaboración de una guía para la instalación, diseño, gestión y mejoramiento de la calidad en plantas productoras de agregados en extracciones de tajo y río | ||
| 260 | |c 2003 |a San José, C.R | ||
| 300 | |a v, 164 [57] hojas : ilustraciones | ||
| 500 | |a Proyecto de graduación (licenciatura en Ingeniería Civil)--Universidad de Costa Rica. Facultad de Ingeniería. Escuela de Ingeniería Civil | ||
| 650 | |x PLANTAS INDUSTRIALES |x DISEÑO |x ACREDITACION |x EQUIPO Y ACCESORIOS |x CANTERAS |x COSTA RICA |x CALIDAD TOTAL |x SEDIMENTOS DE RIO |x AGREGADOS (MATERIALES DE CONSTRUCCION) |x PRODUCCION (TEORIA ECONOMICA) |x PROTECCION DEL MEDIO AMBIENTE |9 7178 | ||
| 942 | |c TFG | ||
| 999 | |c 17855 |d 17855 | ||
